000 00875cam a2200229 4500
001 ABS62779
008 000000n2000 000 0 eng u
035 _a(Sirsi) u108110
100 _aPendlebury
_J.
245 4 _aThe place of historic parks and gardens in the English planning system
260 _c2000
490 _aTown Planning Review
_v70(4) October 1999, 479-500(21)
520 _aTraces the development of planning practice relating to historic parks and gardens since the creation of the English Heritage Register of nationally important sites. Discusses the aims and objectives of specific statutory controls.
590 _aABS
650 _aHISTORIC PARKS
650 _aGARDENS
650 _aPLANNING POLICY
650 _aPPG15
650 _aSTATUTORY CONTROLS
690 _aENVIRONMENTAL AND LAND CONSULTANCY-PLANNING AND DEVELOPMENT
942 _n0
999 _c64576
_d64576